MARC
| LEADER | 00000nam a2200000Ia 4500 | ||
|---|---|---|---|
| 008 | 170316s9999 xx 000 0 und d | ||
| 999 | |c 8177 |d 8177 | ||
| 040 | |a cru BVZT | ||
| 090 | |a 850 M-5g | ||
| 100 | |a Mercati, Michele | ||
| 245 | |a Gli Obelschi di Roma |c / Michele Mercati | ||
| 260 | |a Bologna, Italia |b Cappelli |c 1981 | ||
| 300 | |a 333 páginas | ||
| 650 | |a LITERATURA ITALIANA |9 212 | ||
| 942 | |c SALA |h 850 M-5g |2 z | ||
